Ingobernabilidad: el renacimiento de las teorías conservadoras /

Guardado en:
Bibliografiske detaljer
Hovedforfatter: Offe,Claus
Format: Texto
Fag:
Tags: Tilføj Tag
Ingen Tags, Vær først til at tagge denne postø!

MARC

LEADER 00000 a a2200000 04500
001 16480
003
040
100 |a Offe,Claus  
245 |a Ingobernabilidad:   |b el renacimiento de las teorías conservadoras /  |c Claus Offe  
650 |a IDEOLOGIAS  
650 |a GOBIERNO  
650 |a CAPITALISMO  
773 |g volumen 43 Páginas 1847-1866  
999 |c 39860  |d 39860